000 01441nam a22002897a 4500
001 121330
008 230125s2022 xxk|||||o|||| 00| 0 eng d
020 _a9781783214709
041 _aeng
100 _aSawhney, Anil
110 _aRoyal Institution of Chartered Surveyors
245 _aDigitalisation in construction
_breport 2022
_h[Electronic resource]
260 _aLondon,
_bRoyal Institution of Chartered Surveyors,
_c26 May 2022
490 _aRICS Research
520 _aBased on RICS Global Construction Monitor survey, Q4 2021
520 _aDigitalisation is playing a significant role in reimagining construction.This report shows the status and impact of digitalisation in construction, including use of Building Information Modelling (BIM) and 4D scheduling,progress monitoring, cost estimation carbon footprint and whole-life assets. This report is global in nature but 44% of the respondents to the survey were based in the UK.
650 _aQuantity Surveying
650 _aDigitisation
650 _aDigitalisation
651 _aInternational
690 _96230
_aConstruction management
700 _aSawhney, Anil
700 _aKnight, Andrew
710 _aRoyal Institution of Chartered Surveyors
856 _uhttps://www.rics.org/globalassets/rics-website/media/knowledge/research/research-reports/rics0112-digitalisation-in-construction-report-2022-web.pdf
_zAvailable free on RICS.org
942 _n0
999 _c121330
_d121330